Регионална библиотека "Любен Каравелов" - Русе

Праисторическият свят (Запис номер 33053)

MARC детайли
000 -Лидер
Контролно поле с фиксирана дължина 01354nam a2200361 c 4500
003 - Код на организацията, давaща контролен номер
Контролно поле BLK
005 - Дата и час на последна редакция
Контролно поле 20221029155458.0
008 - Елементи от данни с фиксирана дължина
fixed length control field 180408b bul|||||r ||||||| ||bul||
010 ## - Наследен системен номер
LC control number KNG00035736000
020 ## - Международен стандартен номер на книга ISBN
Международен стандартен номер на книга ISBN 954-625-236-0
040 ## - Източник на каталожния запис
Идентификатор на билиотеката - собственик на записа BLK
041 ## - Код за език
Код за езика на текст/звукозапис или на отделно заглавие Български
Код за езика КДБФ Български
080 ## - УДК
Текстов определител УДК Палеонтология
УДК код - определител по УДК 56
УДК определител :591:087.5
УДК - код + определител 56:591:087.5
100 1# - Редна дума - Автор
Автор Чандлър, Фиона
Авторска отговорност първи автор
R(LIN) 272704
139 ## - Редно поле
Редна дума Чандлър, Фиона и др.
Авторски знак Чан - Ч 22
245 10 - Сведения за заглавието
Заглавие Праисторическият свят
Редно поле (дума) Фиона Чандлър; съавт. Сам Таплин; съавт. Джейн Бингъм; прев. от англ. Венелин Мечков.
257 ## - Страна на издаване
Страна на създаване/издаване Съединени американски щати
260 ## - Област на издателските данни
Име на издателя, разпространителя и проч. Фют
Година на издаване 2001
Печатница София : Д. Благоев
Място на издаване, разпространение и проч. София
300 ## - Физическа характеристика
Страници 96 с.
Илюстрации и др. с цв. ил.
Размери/Мащаб 27 см
380 ## - Жанр
Жанр Естествени науки. Математика
490 ## - СЕРИИ (Колекции)
Име на серия История на света
9 (RLIN) 439177
650 #4 - Допълнително описание по предмет – тема
Основно описание – тема или топоним Палеозоология
9 (RLIN) 165548
653 ## - Ключова дума – ненормативна
Ключова дума история
653 ## - Ключова дума – ненормативна
Ключова дума праистория
700 1# - Други автори (авторска отговорност)
Лично име Таплин, Сам
Автороска отговорност (Описва отношението между автора и произведението) съавт.
9 (RLIN) 127694
700 1# - Други автори (авторска отговорност)
Лично име Бингъм, Джейн
Автороска отговорност (Описва отношението между автора и произведението) съавт.
9 (RLIN) 272705
700 1# - Други автори (авторска отговорност)
Лично име Мечков, Венелин
Автороска отговорност (Описва отношението между автора и произведението) прев. от англ.
9 (RLIN) 365716
852 ## - Местоположение
Форматна сигнатура Цб ІІ 10781
856 4# - Електронен адрес и достъп
Електронен формат pdf - файл
856 4# - Електронен адрес и достъп
Електронен формат pdf - файл
999 ## - СИСТЕМНИ КОНТРОЛНИ НОМЕРА
Koha biblionumber 33053
Koha biblioitemnumber 33053
942 ## - АРТИКУЛИ
Вид на библиотечния материал Книги
Скрит в OPAC Не
Периодичен библиозапис Да
Koha issues (borrowed), all copies 1
944 ## - СЪЗДАВАНЕ И РЕДАКЦИЯ на ЗАПИСА
Създаване/Редакция Създаване
Дата на регистрацията/редакция 06.06.2003
Служител, извършил регистрацията/редакцията Геновева_Генчева
944 ## - СЪЗДАВАНЕ И РЕДАКЦИЯ на ЗАПИСА
Създаване/Редакция Редакция
Дата на регистрацията/редакция 23.07.2003
999 ## - СИСТЕМНИ КОНТРОЛНИ НОМЕРА
Koha biblioitemnumber 33053
Наличности
Код за отписване Код за изгубен артикул Източник на класификационната схема Код за повреда Коз за рестрикции Код за отдаване Артикулен № Име на библиотеката - собственик Име на библиотеката, в която се намира в момента Статус (Текущо местоположение) Дата на вписване в системата Местоположение - отдел Цена в лева Инвентарен номер Систематично азбучна сигнатура Баркод Номер на екземпляра Цена в евро Служебна бележка Служебен тип на артикула
  Не е изгубен Universal Decimal Classification Не е повреден без рестрикции ползва се в читалня 52815 Регионална библиотека "Любен Каравелов" Русе Регионална библиотека "Любен Каравелов" Русе Хранилище 2001-01-01 Хранилище 10.90 665792 Цб II 10781 120000665792 1 5.57 Дост: Dp Вид: Д N: 24 Дата: 01.01.2001 Книги
Vip Innovations Ltd, Rousse, Bulgaria 2025